Folk tales of the British Isles / (Record no. 50212)
[ view plain ]
| 000 -LEADER | |
|---|---|
| fixed length control field | 00697nam a2200241 a 4500 |
| 001 - CONTROL NUMBER | |
| control field | 50212 |
| 003 - CONTROL NUMBER IDENTIFIER | |
| rucl marc code | BD-RjUL |
| 005 - DATE AND TIME OF LATEST TRANSACTION | |
| control field | 20211209075456.0 |
| 008 - FIXED-LENGTH DATA ELEMENTS--GENERAL INFORMATION | |
| fixed length control field | 160824s1964 enka j 000 1 eng |
| 035 ## - SYSTEM CONTROL NUMBER | |
| System control number | (BD-RjUL)50332 |
| 040 ## - CATALOGING SOURCE | |
| Original cataloging agency | DLC |
| Transcribing agency | DLC |
| Modifying agency | DLC |
| -- | BD-RjUL |
| Language of cataloging | eng |
| 041 ## - LANGUAGE CODE | |
| Language code of text/sound track or separate title | eng |
| 082 00 - DEWEY DECIMAL CLASSIFICATION NUMBER | |
| Classification number | 398.20942 |
| Edition number | 23 |
| Author mark and year | TUF 1964 |
| 100 10 - MAIN ENTRY--PERSONAL NAME | |
| Personal name | Turvey, Celia. |
| 9 (RLIN) | 150510 |
| 245 10 - TITLE STATEMENT | |
| Title | Folk tales of the British Isles / |
| Statement of responsibility, etc. | Celia Turvey |
| 260 ## - PUBLICATION, DISTRIBUTION, ETC. (IMPRINT) | |
| Place of publication, distribution, etc. | London : |
| Name of publisher, distributor, etc. | Oxford University Press, |
| Date of publication, distribution, etc. | c1964 |
| 300 ## - PHYSICAL DESCRIPTION | |
| Pagination | vii, 101 p. : |
| Illustrations | ill. ; |
| Size | 19 cm. |
| 490 0# - SERIES STATEMENT | |
| Series statement | Stories told and retold |
| 650 #0 - SUBJECT ADDED ENTRY--TOPICAL TERM | |
| Topical term or geographic name as entry element | Tales |
| Geographic subdivision | Great Britain. |
| 9 (RLIN) | 150511 |
| 856 ## - ELECTRONIC LOCATION AND ACCESS | |
| Materials specified | Stories told and retold |
| 942 ## - ADDED ENTRY ELEMENTS (KOHA) | |
| Source of classification or shelving scheme | Dewey Decimal Classification |
| Koha item type | Books |
| Lost status | Source of classification or shelving scheme | Damaged status | Not for loan | Collection code | Permanent Location | Current Location | Shelving location | Date acquired | Source of acquisition | Cost, normal purchase price | Total Checkouts | Full call number | Date last seen | Copy number | Koha item type |
|---|---|---|---|---|---|---|---|---|---|---|---|---|---|---|---|
| Dewey Decimal Classification | Non-fiction | Central Library, University of Rajshahi | Central Library, University of Rajshahi | 28/01/1971 | Zeitlinger | 4.06 | 398.20942 TUF 1964 | 24/08/2016 | C-2 | Books |